Sodomy and the pirate tradition : English sea rovers in the seventeenth century Caribbean

Αποθηκεύτηκε σε:
Λεπτομέρειες βιβλιογραφικής εγγραφής
Κύριος συγγραφέας: Burg, B. R. (Barry Richard), 1938-
Μορφή: Βιβλίο
Γλώσσα:English
Δημοσίευση: New York : New York University Press, 1995.
Θέματα:
Ετικέτες: Προσθήκη ετικέτας
Δεν υπάρχουν, Καταχωρήστε ετικέτα πρώτοι!

MARC

LEADER 00000cam a2200000 i 4500
001 1/9851
008 970403s1995 eng d
020 |a 0-8147-1236-3 
035 |l 10017639 
040 |a GR-MY-UA  |b gre  |e aacr 
041 0 |a eng 
082 0 |a 306.77   |2 (23)  
100 1 |a Burg, B. R.   |q (Barry Richard),   |d 1938- 
245 1 0 |a Sodomy and the pirate tradition :   |b English sea rovers in the seventeenth century Caribbean /   |c B. R. Burg.  
260 |a New York :   |b New York University Press,   |c 1995.  
300 |a 215 p.  
504 |a Includes bibliographical references and index 
650 0 0 |a Male homosexuality  |z Caribbean Area  |x History  |y 17th century. 
650 0 0 |a Male homosexuality  |z England  |x History  |y 17th century. 
650 0 0 |a Pirates  |z Caribbean Area  |x Sexual behaviour  |x History  |y 17th century. 
852 |a INST  |b LESVOS  |e 19970403  |h 306.77 BUR  |p 005100011599  |q 005100011599  |t BK  |y 0 
909 |a Λ  |b 049503